| Tag |
First Indicator |
Second Indicator |
Subfields |
| LEADER |
00000cam a2200000Ia 4500 |
| 001 |
in00002312721 |
| 005 |
20190326203810.0 |
| 006 |
m | d | |
| 007 |
cr |n||||||||n |
| 008 |
910529s1765 enka s 000 0 eng d |
| 010 |
|
|
|a nuc87737237
|
| 040 |
|
|
|a ResP
|c GKS
|d RQM
|d GKS
|d Thomson Gale
|d UtOrBLW
|
| 043 |
|
|
|a e-uk-en
|
| 050 |
1 |
4 |
|a HB161
|b .G64 no. 10128.16
|
| 082 |
0 |
4 |
|a 330
|b G62
|
| 100 |
1 |
|
|a Stukeley, William,
|d 1687-1765.
|
| 245 |
1 |
0 |
|a Twenty-three plates of the coins of the ancient British kings /
|c engraved under the direction of the late Revd. Dr. Stukeley ... and published by his executor Richard Fleming, Esq.
|
| 264 |
|
1 |
|a London :
|b Sold by T. Snelling,
|c [1765?]
|
| 300 |
|
|
|a 1 preliminary leaf, 23 leaves of plates :
|b illustrations ;
|c 21 x 27 cm.
|
| 336 |
|
|
|a text
|b txt
|2 rdacontent
|
| 337 |
|
|
|a computer
|b c
|2 rdamedia
|
| 338 |
|
|
|a online resource
|b cr
|2 rdacarrier
|
| 500 |
|
|
|a Reproduction of original from Kress Library of Business and Economics, Harvard University.
|
| 500 |
|
|
|a Goldsmiths'-Kress number 10128.16.
|
| 510 |
4 |
|
|a Higgs, H. Bibl. of economics
|c 3504
|
| 510 |
4 |
|
|a OCLC,
|c 23851503
|
| 533 |
|
|
|a Electronic reproduction.
|b Farmington Hills, Mich. :
|c Thomson Gale,
|d 2005.
|f (The making of the modern world).
|n Available via the World Wide Web.
|n Access limited to licensing agreements.
|7 s2005 miunns
|
| 500 |
|
|
|a Electronic resource.
|
| 650 |
|
0 |
|a Coins, English.
|
| 650 |
|
0 |
|a Coins.
|
| 650 |
|
0 |
|a Numismatics
|z England.
|
| 655 |
|
0 |
|a Electronic books.
|
| 830 |
|
0 |
|a Making of the modern world (Goldsmiths'-Kress Library of Economic Literature)
|
| 856 |
4 |
0 |
|u http://proxy.library.tamu.edu/login?url=http://galenet.galegroup.com/servlet/MOME?af=RN&ae=U103429637&srchtp=a&ste=14&locID=txshracd2898
|z Connect to the full text of this electronic book
|t 0
|
| 999 |
|
|
|a MARS
|
| 999 |
f |
f |
|s 2dc6ac15-ceb6-3998-8ab8-e55203906ceb
|i 9a53e76d-81a0-3a92-b870-161720bf6e20
|t 0
|
| 952 |
f |
f |
|a Texas A&M University
|b College Station
|c Electronic Resources
|d Available Online
|t 0
|e HB161 .G64 no. 10128.16
|h Library of Congress classification
|
| 998 |
f |
f |
|a HB161 .G64 no. 10128.16
|t 0
|l Available Online
|